000 00396nam a2200133Ia 4500
008 220217s9999||||xx |||||||||||||| ||und||
020 _a981-4066-435
082 _a004.6 PET
100 _aPeterson, Larry, L and Davie, Bruce, S
_93406
245 0 _aComputer networks: a system approach
260 _aHarcourt asia Pte. Ltd.
_bSingapore
_c2000
300 _b395
650 _aCOMPUTER NETWORK
999 _c171826
_d171826